LES 10 JOUEURS LES PLUS SELECTIONNES EN EQUIPE DE FRANCE. - Statistiques

Statistiques générales
  • Ce quiz a été pris 232 fois
  • Le résultat moyen est 7 sur 10
Statistiques - réponses
RANG NOM SELECTIONS % Correct
6 ANTOINE GRIEZMANN 115
97%
1 HUGO LLORIS 143
94%
4 OLIVIER GIROUD 118
93%
7 ZINEDINE ZIDANE 108
85%
3 THIERRY HENRY 123
80%
9 DIDIER DESCHAMPS 103
74%
2 LILIAN THURAM 142
70%
5 MARCEL DESAILLY 116
52%
10 KARIM BENZEMA 97
45%
8 PATRICK VIERA 107
13%
Aucun quiz correspondant
Distribution des résultats
% des personnes avec chaque résultat
Percentile par nombre de réponses
Votre historique - résultats
Vous n’avez pas pris ce quiz